书目信息 |
| 题名: |
建筑细部CAD图集
|
|
| 作者: | ;ThinkArchit工作室 主编 | |
| 分册: | ||
| 出版信息: | 武汉 华中科技大学出版社 2012.02 |
|
| 页数: | 301页 | |
| 开本: | 29cm | |
| 丛书名: | ||
| 单 册: | ||
| 中图分类: | TU201.4-64 , TU204 | |
| 科图分类: | ||
| 主题词: | 建筑设计--图集--计算机辅助设计 , 建筑设计 , 计算机辅助设计 | |
| 电子资源: | ||
| ISBN: | 978-7-5609-7409-5 | |
| 000 | 01119nam0 2200265 450 | |
| 001 | 1856795632 | |
| 005 | 20180425154704.00 | |
| 010 | @a978-7-5609-7409-5@b精装@dCNY328.00 | |
| 100 | @a20120301d2012 em y0chiy50 ea | |
| 101 | 0 | @achi@aeng |
| 102 | @aCN@b420000 | |
| 105 | @aa z 000yy | |
| 200 | 1 | @a建筑细部CAD图集@Ajian zhu xi bu CAD tu ji@dCAD collective drawings of architectural design detail@fThinkArchit工作室主编@zeng |
| 210 | @a武汉@c华中科技大学出版社@d2012.02 | |
| 215 | @a301页@d29cm@e光盘1片 | |
| 330 | @a本书依据建筑应用材料的不同对50多个优秀的建筑项目进行分类,包括混凝土、金属、组合材料、新型材料、木材、玻璃等,力求以翔实、准确的平面图、剖面图、节点详图、构思草图等全面、系统地层示出建筑空间的交叉点、结合点和细部结构构成,更展现了建筑师的设计思路。 | |
| 510 | 1 | @aCAD collective drawings of architectural design detail@zeng |
| 606 | 0 | @a建筑设计@j图集@x计算机辅助设计 |
| 606 | 0 | @a建筑设计 |
| 606 | 0 | @a计算机辅助设计 |
| 690 | @aTU201.4-64@v5 | |
| 690 | @aTU204@v5 | |
| 711 | 02 | @aThinkArchit工作室@AThinkArchit gong zuo shi@4主编 |
| 801 | 0 | @aCN@c20121226 |
| 905 | @dTU204@eG355@f1 | |
| 建筑细部CAD图集=CAD collective drawings of architectural design detail/ThinkArchit工作室主编.-武汉:华中科技大学出版社,2012.02 |
| 301页;29cm+光盘1片 |
| ISBN 978-7-5609-7409-5(精装):CNY328.00 |
| 本书依据建筑应用材料的不同对50多个优秀的建筑项目进行分类,包括混凝土、金属、组合材料、新型材料、木材、玻璃等,力求以翔实、准确的平面图、剖面图、节点详图、构思草图等全面、系统地层示出建筑空间的交叉点、结合点和细部结构构成,更展现了建筑师的设计思路。 |
| ● |
| 相关链接 |
|
|
|
正题名:建筑细部CAD图集
索取号:TU204/G355
 
预约/预借
| 序号 | 登录号 | 条形码 | 馆藏地/架位号 | 状态 | 备注 |
| 1 | 1298905 | 212989051 | 建筑与城市规划学院资料室/ [索取号:TU204/G355] | 在馆 |